| 000 | 01223cac a22003135a 4500 | ||
|---|---|---|---|
| 999 |
_c8207 _d8207 |
||
| 003 | EG-ScBUE | ||
| 005 | 20191204125548.0 | ||
| 008 | 190717r20072000enka f 000 0 eng d | ||
| 020 | _a9780521477970 | ||
| 040 |
_aEG-ScBUE _beng _erda _cEG-ScBUE _dEG-ScBUE |
||
| 041 | _aeng | ||
| 082 | 0 | 4 |
_a428.207 _bPAR _222 |
| 100 | 1 |
_aParrott, Martin, _eauthor. |
|
| 245 | 1 | 0 |
_aGrammar for English language teachers / _cMartin Parrott. |
| 246 | 3 | 4 |
_aGrammar for English language teachers _bwith exercises and a key |
| 250 | _aTwelfth printing. | ||
| 264 | 1 |
_aCambridge : _bCambridge University Press, _c2007. |
|
| 300 |
_a514 pages : _billustrations ; _c26 cm |
||
| 336 |
_2rdacontent _atext _btxt |
||
| 337 |
_2rdamedia _aunmediated _bn |
||
| 338 |
_2rdacarrier _avolume _bnc |
||
| 500 | _aFirst published 2000. | ||
| 520 | _aDesigned to help teachers to develop their overall knowledge and understanding of English grammar, this guide provides a quick source of reference in planning lessons and clarifying learners' problems. | ||
| 590 | _arana | ||
| 650 | 7 |
_aEnglish language _xGrammar _xStudy and teaching. _2BUEsh _97688 |
|
| 653 |
_bHHUUEENN _cJuly2019 |
||
| 655 | _vReading book | ||
| 942 |
_cBB _k428.207 PAR _2ddc |
||